Histoire - Statistiques

Statistiques générales
  • Ce quiz a été pris 5 fois
  • Le résultat moyen est 32 sur 119
Statistiques - réponses
Hint Réponse % Correct
Création Parti National Faciste PNF (A) 1921
100%
Arrivée de Mussolini au pv (A) 1922
100%
Traité de Versailles (A) 1919
75%
Cp d'Etat manqué de H (prison) (A) 1923
75%
Mort de Lénine (A) 1924
75%
Accords de Latran (A) 1929
75%
ALL ET JAP quitte SDN (A) | Concordat entre le Vatican et le Reich (A) | New deal de F.Roosevelt (A) 1933
75%
Conférence de Stresa (FR,UK,ITA pour contenir ALL) (A) | Italie envahi Ethiopie | Lois Nuremberg (A) 1935
75%
JO Berlin (puissance reich et figure de l'aryen) (A) | Plein emploi ALL d'Hitler (A) | Remilitarisation de la Rhénanie (A) 1936
75%
Démission de Leon Blum (ESP, lien avec URSS, instabilité, D, ...) (A) | Italie quitte SDN (A) | Prise de Nankin par la Chine (A) 1937
75%
Hitler envahi les Balkans + Afrique de nord (A) 1941
75%
Black Thursday (JMA) 24 octobre 1929
75%
Attaque Pearl Harbour (JMA) 7 decembre 1941
75%
USA entrent en guerre (JMA) 8 decembre 1941
75%
Pétain demande armistice (JMA) 17 juin 1940
50%
Appel de CDG (JMA) 18 juin 1940
50%
Révolution BoLchévique, abdication du tsar Nicolai II (A) 1917
50%
Great depression (A) 1930
50%
Arrivée de la crise ecoq en Europe (A) | Faillite Kredit Anstalt (A) 1931
50%
Bonus Army (A) | Invasion de la Mandchourie par le Japon (moyen survie après la crise) | The Import Duties Act (fin libre échange/protectionnisme)(A) 1932
50%
Début WW2 ALL attaque POL (JMA) 1 septembre 1939
50%
opération Barabarossa (JMA) 22 juin 1941
50%
H nommé chancelier (JMA) 30 janvier 1933
50%
President USA élu en 1928 Hoover
50%
Election Front Populaire(MA) Mai 1936
50%
ALL envahi Autriche (MA) mars 1938
50%
Pétain à les pleins pouvoirs, debut VICHY (JMA) 10 juillet 1940
25%
Albert Lebrun nomme Pétain chef du gouv ap démission de Paul Reynaud (JMA) 16 juin 1940
25%
IIIe république en France(PA) 1870-1940
25%
Lois "fascistissimes" dictature en ITA (PA) 1925-1926
25%
Arrivée de Staline (A) 1928
25%
Pétain signe armistice à Rethondes (JMA) 22 juin 1940
25%
Rencontre entre Pétain et H, symbole collaboration (JMA) 24 octobre 1940
25%
Paris libéré par les alliés, GPRF à Paris(JMA) 25 aout 1944
25%
Prise de Berlin (JMA) 2 mai 1945
25%
Capitulation du Japon 2 septembre 1945
25%
FR et UK déclare guerre à ALL 3 septembre 1939
25%
Débarquement Normandie (Overlord) 6 juin 1944
25%
Accords de Matignon(JMA) 7 juin 1936
25%
Capitulation de l'ALL 8 mai 1945
25%
Nuit de cristal (série de pogroms) (JMA) 9 novembre 1938
25%
Fin front populaire (MA) avril 1938
25%
Pétain rappel Laval (MA) avril 1942
25%
Incendie du Reichtag (MA) février 1934
25%
Affaire Stavisky (déclenche manifs EX-D)(MA) janvier 1934
25%
Bataille de Stalingrad (PMA) juillet 1942-février 1943
25%
Paysans soviétiques déportés (2ms) Koulaks
25%
Police politique de l'URSS NKVD
25%
Axe Rome Berlin (MA) | Pacte anti komintern entre ALL et JAP (MA) novembre 1936
25%
Police politique de Mussolini OVRA
25%
Président nommant H chancelier Paul von Hindenburg
25%
ALL envahi région des sudètes (MA) septembre 1939
25%
"Drole de guerre" (PMA) septembre 1939-mai 1940
25%
Figure propagande jeune travailleur communiste Stakhanov
25%
Adversaire de Staline lors de sa prise de pouvoir Trotski
25%
ALL lance son offensive à l'ouest (BEL,FR,P-B) (JMA) 10 mai 1940
0%
Nouvelle assemblée constituante élit CDG (JMA) 13 novembre 1945
0%
Conférence de Potsdam (PJMA), ambiance tendue 14 juillet - 2 aout 1945
0%
Paris occupé par les ALL (JMA) 14 juin 1940
0%
Rafle du Vel d'Hiv (PJMA) 16 17 juillet 1942
0%
Formation des 3 régimes totalitaires (PA) 1917-1933
0%
Instabilité ministérielle durant la IIIe république, 26 ministères se succèdent (PA) 1929-1940
0%
Neutrality Acts (PA) 1935-39
0%
1ère déclaration des nations unies (JMA) 1er janvier 1942
0%
CDG démissionne car Constitution donne peu de pv à l'executif 20 janvier 1946
0%
Opération Bragation (JMA) 22 juin 1944
0%
USA et URSS = jonction sur l'Elbe (JMA) 26 avril 1945
0%
Ultimatum au Japon (JMA) 26 juillet 1945
0%
Conférence de Téhéran : Roosevelt Churchill, Staline (JMA) 28 novembre 1943
0%
Chute de Varsovie (JMA) 28 septembre
0%
Nuit des longs couteaux(arrestation des SA+opposants)(JMA) 30 juin 1934
0%
Conférence de Munich (JMA) 30 septembre 1939
0%
Creation GPRF à Alger (JMA) 3 juin 1944
0%
Loi sur le statut des juifs en France(JMA) 3 octobre 1940
0%
Conférence de Yalta (PJMA) 4-11 férvrier 1945
0%
Bataille de Midway (PJMA) 4-6 juin 1942
0%
2 reformes du référendum de CDG en octobre 1945 4e république avec nouvelle constitution et convocation d'une assemblée constituante
0%
Bombardement Hiroshima et Nagazaki (projet Manhattan) (JMA) 6 et 9 aout 1945
0%
Emeutes à Paris ap Stavisky, réel début montée ex-D (JMA) 6 février 1934
0%
Opération Torch (JMA) 8 novembre 1942
0%
GPRF rétablie la légalité républicaine (MA) 9 aout 1944
0%
Mort du président, H devient le fuhrer (MA) Aout 1934
0%
Charte de l'Atlantique entre Roosevelt et Churchill (MA) aout 1941
0%
Idéeologie économique de ALL et ITA av WW2 autarcie expansive
0%
Procès de Pétain, Laval, Darmond (SA) automne 1944
0%
ALL envahi DAN NOR (MA) Avril 1940
0%
Droit de vote des F (MA) avril 1944
0%
Conférence de SF création de l'ONU (PMA) avril-juin 1945
0%
3 partis de gauche : socialiste, radical et communiste représentés par : Daladier, Blum, Thorez
0%
3 phases d'embrigadement en Italie enfants de la louve, balilla, avanguardistes
0%
Création STO (MA) février 1943
0%
Bombardement Tokyo (MA) février 1945
0%
Création de la Milice (MA) Janvier 1943
0%
Film glorifiant H de Leni Riefenstahl en 1935 Le triomphe de la volonté
0%
J.Moulin fusionne ces 3 organisation pour fonder le Mouvement Uni de resistance (MUR) en 1943 libération-sud franc tireurs combat
0%
Jean Paul Sarthe citation sur occupation "l'occupation était intolérable et nous nous en accommodions fort bien"
0%
Traité d'assistance mutuelle entre FR et URSS (MA) mai 1935
0%
Victoire de Franco (Nationaliste) (MA) mai 1939
0%
Création du CNR par Jean Moulin (MA) mai 1943
0%
Opération Dynamo (PMA) mai juin 1940
0%
Création Commissariat général aux questions juives "ministère de l'antisemitisme" (MA) mars 1941
0%
Formation Front populaire (MA) novembre 1934
0%
3 phases d'embrigadement en URSS octobristes, pionniers, komsomols
0%
Idéologie de Getulio Vargas au Bresil ap R° 1930 populisme
0%
Pacte Tripartite entre JAP, ALL, ITA (MA) septembre 1940
0%
Blitz, Luftwaffe bombarde UK (PMA) septembre 1940 - mai 1941
0%
Roi d'Italie symbolique durant l'entre-deux-guerres Victor Emmanuel III
0%
Aucun quiz correspondant
Distribution des résultats
% des personnes avec chaque résultat
Percentile par nombre de réponses
Votre historique - résultats
Vous n’avez pas pris ce quiz